LEADER 00884nam0 22002531i 450 001 UON00236042 005 20231205103525.675 100 $a20030730d1950 |0itac50 ba 101 $ahbs 102 $aHR 105 $a|||| ||||| 200 1 $aBitka kod bistrice lesne$fMiroslav Krleza 210 $aZagreb$cProsvjeta$d1950 215 $a37 p.$d17 cm. 620 $aHR$dZagreb$3UONL001976 676 $a891.82$cLetteratura serbo-croata$v21 700 1$aKRLE?A$bMiroslav$3UONV126209$0465374 712 $aProsvjeta$3UONV269474$4650 801 $aIT$bSOL$c20250620$gRICA 899 $aSIBA - SISTEMA BIBLIOTECARIO DI ATENEO$2UONSI 912 $aUON00236042 950 $aSIBA - SISTEMA BIBLIOTECARIO DI ATENEO$dSI CROATO A 0858 $eSI MR 38042 5 0858 996 $aBitka kod bistrice lesne$91231541 997 $aUNIOR